000 00810nam a2200229Ii 4500
003 JO-AjNU
008 230605s9999||||xx |||||||||||||| ||und||
017 _a25985/2014
020 _a978-977-04-7696-3
040 _aJO-AjNU
_bara
_erda
_cJO-AjNU
041 _aara
050 1 4 _aJX1954.2014
100 3 _aالرشيدي، هالة احمد,
_eauthor
_964407
245 0 0 _aالحقوق المكتسبة في القانون الدولي: دراسة نظرية مع التطبيق على حقوق مصر في مياه النيل
250 _aط1
264 3 1 _aالقاهرة: دار النهضة العربية، 2014
300 _a870ص
336 _atext
_btxt
_2rdacontent
337 _aunmediated
_bn
_2rdamedia
338 _avolume
_bnc
_2rdacarrier
650 4 _aالقانون الدولي
_964408
999 _aA29351
_c32919
_d32919